Memory (Record no. 64024)
[ view plain ]
| 000 -LEADER | |
|---|---|
| fixed length control field | 01317nam a2200253Ii 4500 |
| 008 - FIXED-LENGTH DATA ELEMENTS--GENERAL INFORMATION | |
| fixed length control field | 221202s xx 000 0 und d |
| 245 #0 - TITLE STATEMENT | |
| Title | Memory |
| 246 ## - VARYING FORM OF TITLE | |
| Title proper/short title | Histories, Theories, Debates |
| 264 ## - PRODUCTION, PUBLICATION, DISTRIBUTION, MANUFACTURE, AND COPYRIGHT NOTICE | |
| Name of producer, publisher, distributor, manufacturer | Fordham University Press |
| Date of production, publication, distribution, manufacture, or copyright notice | 2010 |
| 300 ## - PHYSICAL DESCRIPTION | |
| Extent | 1 online resource |
| 336 ## - CONTENT TYPE | |
| Content type term | text |
| Content type code | txt |
| Source | rdacontent |
| 337 ## - MEDIA TYPE | |
| Media type term | computer |
| Media type code | c |
| Source | rdamedia |
| 338 ## - CARRIER TYPE | |
| Carrier type term | online resource |
| Carrier type code | cr |
| Source | rdacarrier |
| 520 ## - SUMMARY, ETC. | |
| Summary, etc. | The volume reconstructs the work of the great philosophical and literary figures of the last two centuries who recast the concept of memory and brought it into the forefront of the modernist and postmodernist imagination—among them, Bergson, Halbwachs, Freud, Proust, Benjamin, Adorno, Derrida, and Deleuze. Drawing on recent advances in the sciences and in the humanities, the contributors address the question of how memory works, highlighting transactions between the interiority of subjective memory and the larger fields of public or collective memory. |
| 653 ## - INDEX TERM--UNCONTROLLED | |
| Uncontrolled term | Henri Bergson |
| 653 ## - INDEX TERM--UNCONTROLLED | |
| Uncontrolled term | Holocaust |
| 653 ## - INDEX TERM--UNCONTROLLED | |
| Uncontrolled term | Imagination |
| 653 ## - INDEX TERM--UNCONTROLLED | |
| Uncontrolled term | Memory Studies |
| 653 ## - INDEX TERM--UNCONTROLLED | |
| Uncontrolled term | Philosophy |
| 700 1# - ADDED ENTRY--PERSONAL NAME | |
| Personal name | Radstone, Susannah |
| 700 1# - ADDED ENTRY--PERSONAL NAME | |
| Personal name | Schwarz, Bill |
| 856 ## - ELECTRONIC LOCATION AND ACCESS | |
| Uniform Resource Identifier | <a href="https://library.oapen.org/bitstream/20.500.12657/31578/1/626982.pdfhttp://library.oapen.org/handle/20.500.12657/31578">https://library.oapen.org/bitstream/20.500.12657/31578/1/626982.pdfhttp://library.oapen.org/handle/20.500.12657/31578</a> |
| 942 ## - ADDED ENTRY ELEMENTS (KOHA) | |
| Koha item type | E-Book |
| Withdrawn status | Damaged status | Not for loan | Home library | Current library | Date acquired | Total Checkouts | Date last seen | Price effective from | Koha item type |
|---|---|---|---|---|---|---|---|---|---|
| Directory of Open Access Books | Directory of Open Access Books | 11/28/2022 | 11/28/2022 | 11/28/2022 | E-Book |